000 00300nam a22001337a 4500
008 180919b xxu||||| |||| 00| 0 eng d
020 _a0126775206
041 _aeng
080 _a579
100 _a11
101 _aMIK
245 _aThe Virulence of Escherichia coli
_cSussman, M
942 _2udc
_cBK
999 _c48054
_d48054